Geometry Dash but you Guess the level with the song - Statistics

General Stats
  • This quiz has been taken 30 times
  • The average score is 12 of 20
Answer Stats
Hint Answer % Correct
Isolation Limbo
88%
Clubstep Silent Clubstep
88%
Stalemate Grief
80%
Blast Processing Quanteuse Processing
80%
Shiawase VIP Tidal Wave
80%
Ricochet Love Amethyst
76%
Animation Warrior Theme Orbit
76%
Iron God Sakupen Hell Yes RMX Sakupen Circles
76%
I Can't Fix You Anathema
72%
Dr. Finkelfrackens Cure Ashley Wave Trials
72%
Thermodyanamix Acheron
68%
Sine Wavs Subsuming Vortex
68%
Nuke Powder Thinking Space II
68%
Flow Nullscapes
64%
Shiawase Tsunami
52%
Rip and Tear Aeternus
40%
Theory of Everything Banshee
32%
Apoplexy Heliopolis
32%
Fairydust Fairy Knife Hell
24%
Hailfire Azure Flare
4%
No matching quizzes found
Score Distribution
Percent of People with Each Score
Percentile by Number Answered
Your Score History
You have not taken this quiz